000 01101nam a22002777a 4500
003 DO-SdBNP
005 20211126094816.0
007 ta
008 211126b2019 dr ac||| |||| 00| 0 spa d
020 _a9789945624229
040 _aDO-SdBNP
_bspa
_cBNPHU
082 4 _222
_bM296e
100 1 _aManzanillo, Carlos
_961626
245 1 0 _a¡Emergencia! !urgencia! salvemos niños y adolescentes :
_bventana 4/14 /
_cCarlos Martín Manzanillo Reyes ; edición de texto Cartos G. Martín ; fotografías Carlos De la Cruz Ángeles, Jonathan Pouriet ; prólogo M. Dinorah Rivera.
260 _aSanto Domingo :
_bFR Multiservicios,
_c2021.
300 _a278 p. :
_bil., retrs. ;
_c23 cm.
500 _aIncluye datos biográficos del autor en la contracubierta.
504 _aBibliografía : p. 273-278
590 _aInventariado, 2021 /LP
700 1 _aMartín, Cartos G.,
_eed.
_980746
700 1 _aCruz Ángeles, Carlos De la,
_efot.
_980747
700 1 _aPouriet, Jonathan,
_efot.
_980748
700 1 _aRivera, M. Dinorah,
_epról.
_980749
910 _aLopérez.
942 _2ddc
_cLBS1
999 _c51048
_d51048